[Event "TCh-RUS"]
[Site "Tomsk RUS"]
[Date "2001.05.17"]
[Round "5"]
[White "Timofeev,Ar"]
[Black "Loginov,Va"]
[Result "1-0"]
[WhiteElo "2522"]
[BlackElo "2499"]

1.e4 c5 2.Nf3 d6 3.d4 cxd4 4.Nxd4 Nf6 5.Nc3 a6 6.Be3 e5 7.Nf3 Qc7 8.a4 b6
9.Bg5 Nbd7 10.Nd2 h6 11.Bxf6 Nxf6 12.Bc4 Bb7 13.Qe2 Be7 14.O-O O-O 15.Rfd1 Rfc8
16.Bb3 Qd8 17.Nc4 Rc5 18.Qd3 Qc7 19.Ne3 Bf8 20.Ncd5 Bxd5 21.Bxd5 Ra7 22.Ra3 Qc8
23.Rb3 Nd7 24.Nc4 Qc7 25.c3 Be7 26.Ne3 Bf8 27.Ra3 Qc8 28.b4 Rcc7 29.Nc4 Qb8
30.g3 Be7 31.Ne3 Nf6 32.Ra2 Qc8 33.Rc2 g6 34.Bb3 Kg7 35.Kg2 h5 36.h4 Bf8
37.f3 Be7 38.Nc4 Rc6 39.a5 bxa5 40.Nxa5 Rb6 41.Qe3 Qc7 42.Rcd2 Ra8 43.Ba4 Rab8
44.Rd3 Rc8 45.R1d2 Rcb8 46.Ra2 Rc8 47.Bb3 Rcb8 48.Bd5 Qc8 49.Ra3 Bd8 50.Qd2 Qc7
51.Qa2 Rc8 52.Rd2 Kf8 53.Qc4 Qd7 54.Qd3 Qc7 55.Bc4 Ra8 56.Rc2 Kg7 57.Nb3 Qc8
58.Rca2 Rc6 59.Nd2 a5 60.Bb5 Rb6 61.Rxa5 Rxa5 62.bxa5 Rb8 63.c4 Ra8 64.Nb3 Bc7
65.a6 Bb8 66.Na5 Qc5 67.Nb7 Qb6 68.Rd2 Ba7 69.c5 dxc5 70.Qc4 Qc7 71.Ba4 Rf8
72.Rd6 Rb8 73.Rd3 Qe7 74.Rd2 Qc7 75.Bb3 Rf8 76.Nd6 Rd8 77.Qxf7+ Qxf7 78.Bxf7 Rxd6
79.Rxd6 Kxf7 80.Rd8 Ke7 81.Ra8 Bb6 82.a7 Nd7 83.Re8+ Kxe8 84.a8=Q+ Bd8 85.Qc6  1-0

[Event "Open"]
[Site "Pula CRO"]
[Date "2001.05.18"]
[Round "1"]
[White "Drobne,M"]
[Black "Tratar,M"]
[Result "0-1"]
[WhiteElo "2061"]
[BlackElo "2410"]

1.e4 c5 2.Nf3 d6 3.d4 cxd4 4.Nxd4 Nf6 5.Nc3 a6 6.Be3 e6 7.f3 b5 8.Qd2 Bb7
9.Bd3 Nbd7 10.g4 b4 11.Na4 d5 12.exd5 Nxd5 13.O-O-O Qa5 14.b3 Nc5 15.Rhe1 Nxa4
16.bxa4 Qxa4 17.Bc4 Qa3+ 18.Kb1 Nc3+ 19.Ka1 Nxd1 20.Rxd1 O-O-O 21.Qe2 Qa5
22.Kb1 Be7 23.f4 Rd7 24.Nb3 Rxd1+ 25.Qxd1 Rd8 26.Qe2 Qa4 27.f5 Qc6 28.Bd3 Qd5
29.fxe6 fxe6 30.Bc1 a5 31.Bc4 Qe4 32.Bxe6+ Kc7 33.Qxe4 Bxe4 34.Nxa5 Rd1 35.Nb3 Bg5
36.Kb2 Bf6+ 37.Kb1 Kd6 38.Bc4 Rh1 39.Bd3 Bxd3 40.cxd3 Bg5 41.h4 Bxc1 42.Nxc1 Rxh4  0-1

[Event "XXVI Elekes Mem GM"]
[Site "Budapest HUN"]
[Date "2001.05.23"]
[Round "3"]
[White "Anka,E"]
[Black "Danner,G"]
[Result "1-0"]
[WhiteElo "2425"]
[BlackElo "2453"]

1.e4 c5 2.Nf3 d6 3.d4 Nf6 4.Nc3 cxd4 5.Nxd4 a6 6.Be3 e5 7.Nb3 Be6 8.Qd2 Nbd7
9.f4 exf4 10.Bxf4 Ne5 11.O-O-O Be7 12.Nd4 Qc7 13.Nf5 Bxf5 14.exf5 O-O 15.Be2 Rac8
16.g4 Qc6 17.Bxe5 dxe5 18.g5 Ne4 19.Nxe4 Qxe4 20.f6 Bc5 21.Bd3 Qe3 22.Rde1 Qxd2+
23.Kxd2 Rfe8 24.fxg7 Kxg7 25.Rhf1 Rcd8 26.Re4 Rd4 27.Ke2 Re6 28.c3 Rxe4+
29.Bxe4 Rb6 30.b4 Be7 31.h4 h6 32.Bd5 f6 33.gxf6+ Bxf6 34.Rg1+ Kf8 35.Rg6 Bd8
36.Rg8+ Ke7 37.Bxb7 Rf6 38.h5 Bb6 39.Bxa6 e4 40.Rg2 Rf3 41.Rg6 Be3 42.Rg4 Bf4
43.Kd1 Kf6 44.Be2 Rf2 45.a4 Kf5 46.a5 Rh2 47.Rg1 Be3 48.Rf1+ Ke5 49.b5 Rg2
50.b6 Rg8 51.Kc2 Rg2 52.Re1 Kd6 53.Kb3 Bd2 54.Ra1 Rxe2 55.a6 Re3 56.a7 Rxc3+
57.Kb2 Rc6 58.a8=Q Bc3+ 59.Kb3 Bxa1 60.b7  1-0

[Event "TCh-NOR Final"]
[Site "Langesund NOR"]
[Date "2001.05.26"]
[Round "4"]
[White "Jaeger,F"]
[Black "Lauvsnes,A"]
[Result "1-0"]
[WhiteElo "2022"]
[BlackElo "2274"]

1.e4 c5 2.Nf3 d6 3.d4 cxd4 4.Nxd4 Nf6 5.Nc3 a6 6.Be3 e6 7.g4 Nc6 8.g5 Nd7
9.h4 Nxd4 10.Qxd4 b5 11.O-O-O Bb7 12.h5 e5 13.Qd2 Qa5 14.Kb1 Rc8 15.f3 Nb6
16.Nxb5 Qxd2 17.Rxd2 axb5 18.Bxb6 Bc6 19.Bh3 Bd7 20.Rd5 Bxh3 21.Rxh3 Be7
22.Rg3 g6 23.h6 Kd7 24.Rxb5 Rb8 25.Rb3 Rhc8 26.Be3 Rxb3 27.cxb3 d5 28.exd5 Kd6
29.Rg2 Kxd5 30.Rc2 Rf8 31.a3 Ke6 32.b4 Kf5 33.Bc5 Re8 34.Bxe7 Rxe7 35.b5 Kxg5
36.b6  1-0

[Event "XXVI Elekes Mem IM"]
[Site "Budapest HUN"]
[Date "2001.05.27"]
[Round "7"]
[White "Medvegy,N"]
[Black "Orso,M"]
[Result "0-1"]
[WhiteElo "2346"]
[BlackElo "2386"]

1.e4 c5 2.Nf3 d6 3.d4 cxd4 4.Nxd4 Nf6 5.Nc3 a6 6.Be3 e6 7.Qd2 b5 8.f3 Bb7
9.g4 h6 10.h4 Nbd7 11.O-O-O Rc8 12.Bh3 b4 13.Nce2 Qa5 14.Kb1 Ne5 15.g5 Nfd7
16.f4 Nc4 17.Qd3 Nxb2 18.Kxb2 Nc5 19.Qd2 Bxe4 20.Kb1 Na4 21.gxh6 d5 22.Rhg1 g6
23.Bg2 Nc3+ 24.Nxc3 bxc3 25.Qf2 Rb8+ 26.Nb3 Qa3 27.Bc1 Rxb3+ 28.axb3 Qxb3+
29.Ka1 Bxc2 30.Qxc2 Qxc2 31.Rde1 Qa4+ 32.Kb1 Qb3+ 33.Ka1 c2 34.Bb2 Qa4+  0-1

[Event "TCh-YUG Final"]
[Site "Herceg Novi YUG"]
[Date "2001.05.28"]
[Round "2.2"]
[White "Popovic,P"]
[Black "Tadic,B"]
[Result "1-0"]
[WhiteElo "2518"]
[BlackElo "2432"]

1.e4 c5 2.Nf3 d6 3.d4 cxd4 4.Nxd4 Nf6 5.Nc3 a6 6.Be3 e5 7.Nb3 Be6 8.f3 Be7
9.Qd2 h5 10.Nd5 Bxd5 11.exd5 Nbd7 12.Be2 g6 13.Na5 Qc7 14.c4 Kf8 15.O-O Kg7
16.b4 Ne8 17.Rac1 f5 18.f4 Nef6 19.fxe5 Nxe5 20.Nb3 Ne4 21.Qd1 Bf6 22.Nd4 Qf7
23.Ne6+ Kg8 24.Bf3 Nc3 25.Rxc3 Nxf3+ 26.Rxf3 Bxc3 27.Bd4 Bxd4+ 28.Qxd4 Re8
29.h4 Rh7 30.Re3 Qe7 31.Rg3 Rg7 32.c5 dxc5 33.bxc5 Kh7 34.Re3 Qd7 35.Qf6 Rgg8
36.d6 Kh6 37.Re5 Qa4 38.Rxf5 Qd1+ 39.Kh2 Qg4 40.Re5 Kh7 41.d7  1-0

[Event "It"]
[Site "Bibinje CRO"]
[Date "2001.06.02"]
[Round "2"]
[White "Jakic,I"]
[Black "Sax,G"]
[Result "0-1"]
[WhiteElo "2246"]
[BlackElo "2563"]

1.e4 c5 2.Nf3 d6 3.d4 cxd4 4.Nxd4 Nf6 5.Nc3 a6 6.Be3 e6 7.f3 b5 8.Qd2 Nbd7
9.O-O-O Bb7 10.g4 Nb6 11.Qf2 Nfd7 12.Bd3 Rc8 13.Nce2 Nc4 14.Bxc4 Rxc4 15.Kb1 Qc7
16.Ng3 Be7 17.g5 O-O 18.h4 d5 19.h5 Bd6 20.Rdg1 Nc5 21.g6 fxg6 22.hxg6 h6
23.Nh5 Be5 24.Qd2 dxe4 25.f4 Bxd4 26.Bxd4 Rd8 27.c3 e3 28.Qxe3 Be4+ 29.Ka1 Nb3+  0-1

[Event "Open"]
[Site "Fourmies FRA"]
[Date "2001.06.02"]
[Round "1"]
[White "Bergez,L"]
[Black "Boulet,D"]
[Result "1-0"]
[WhiteElo "2412"]
[BlackElo "2082"]

1.e4 c5 2.Nf3 d6 3.d4 cxd4 4.Nxd4 Nf6 5.Nc3 a6 6.Be3 e5 7.Nb3 Be7 8.f3 Be6
9.Qd2 Nbd7 10.Qf2 Qc7 11.O-O-O Nc5 12.g4 b5 13.g5 Nfd7 14.h4 Nb6 15.h5 Qc6
16.Kb1 b4 17.Nd5 Nxd5 18.exd5 Bxd5 19.Na5 Bxa2+ 20.Kxa2 Qa4+ 21.Kb1 Qxa5
22.Bc4 Rc8 23.g6 f5 24.h6 Bf6 25.Rxd6 hxg6 26.Rd5 Be7 27.Qg1 Qb6 28.hxg7 Rg8
29.Rh8  1-0

[Event "ch-IND"]
[Site "New Delhi IND"]
[Date "2001.06.06"]
[Round "9"]
[White "Roy Chowdhury,S"]
[Black "Sahu,S"]
[Result "1/2-1/2"]
[WhiteElo "2306"]
[BlackElo "2325"]

1.e4 c5 2.Nf3 d6 3.d4 cxd4 4.Nxd4 Nf6 5.Nc3 a6 6.Be3 e6 7.Be2 Qc7 8.O-O b5
9.a3 Be7 10.f4 Nbd7 11.Bf3 Bb7 12.Nde2 h5 13.Kh1 Nc5 14.f5 e5 15.Bxc5 Qxc5
16.Ng3 g6 17.fxg6 fxg6 18.Nd5 h4 19.Nxf6+ Bxf6 20.Ne2 Bg5 21.Nc3 O-O 22.Qd3 Rad8
23.Nd5 Kg7 24.Rad1 Rf7 25.Qe2 Rdf8 26.h3 Qa7 27.Qf2 Qxf2 28.Rxf2 Rc8 29.c3 Rc5
30.Re2 Bxd5 31.Rxd5 Rxd5 32.exd5 Rc7 33.Kg1 Bf4 34.Kf1 a5 35.Be4 Bg3 36.Re3 Rc5
37.Bf3 Kf6 38.Be4 Bf4 39.Re2 g5 40.Kf2 Ke7 41.Kf3 Kf6  1/2-1/2

[Event "It"]
[Site "Bibinje CRO"]
[Date "2001.06.08"]
[Round "7"]
[White "Jakic,I"]
[Black "Ljubicic,F"]
[Result "0-1"]
[WhiteElo "2246"]
[BlackElo "2397"]

1.e4 c5 2.Nf3 d6 3.d4 cxd4 4.Nxd4 Nf6 5.Nc3 a6 6.Be3 e5 7.Nb3 Qc7 8.Qd2 Be7
9.f3 Be6 10.g4 O-O 11.O-O-O Rc8 12.Kb1 b5 13.Nd5 Bxd5 14.exd5 b4 15.g5 Nfd7
16.f4 a5 17.Bh3 a4 18.Nc1 a3 19.b3 Ra5 20.Bf5 g6 21.Be4 Na6 22.Nd3 exf4 23.Bxf4 Nb6
24.Ne1 Bf8 25.h4 Bg7 26.h5 Nc5 27.Bg2 Nca4 28.bxa4 Nxa4 29.Rh3 Nc3+  0-1

[Event "FSIM June"]
[Site "Budapest HUN"]
[Date "2001.06.09"]
[Round "8"]
[White "Dolgener,T"]
[Black "Seres,L"]
[Result "1/2-1/2"]
[WhiteElo "2237"]
[BlackElo "2425"]

1.e4 c5 2.Nf3 d6 3.d4 cxd4 4.Nxd4 Nf6 5.Nc3 a6 6.Be3 e6 7.Qd2 b5 8.f3 Bb7
9.g4 Nfd7 10.O-O-O Nb6 11.Qf2 N8d7 12.Kb1 Rc8 13.Nce2 Nc4 14.Bc1 Qc7 15.Ng3 d5
16.exd5 Bxd5 17.Bxc4 bxc4 18.Ndf5 f6 19.Rhe1 Kf7 20.Ne3 Bc5 21.Qe2  1/2-1/2

[Event "White Nights"]
[Site "St Petersburg RUS"]
[Date "2001.06.12"]
[Round "4"]
[White "Smikovski,I"]
[Black "Lukin,A"]
[Result "1-0"]
[WhiteElo "2497"]
[BlackElo "2423"]

1.e4 c5 2.Nf3 d6 3.d4 cxd4 4.Nxd4 Nf6 5.Nc3 a6 6.Be3 e5 7.Nb3 Be6 8.f3 Be7
9.Qd2 O-O 10.O-O-O b5 11.g4 b4 12.Nd5 Bxd5 13.exd5 a5 14.Kb1 Nbd7 15.g5 Nh5
16.Bh3 Nb6 17.Bf1 Qc7 18.Nc5 Nxd5 19.Qxd5 dxc5 20.Bc4 Rad8 21.Qe4 Rd4 22.Bxd4 cxd4
23.Bb3 g6 24.Rhe1 Bd6 25.Rd2 Nf4 26.h4 Qd7 27.Rh2 a4 28.Bc4 Rc8 29.b3 Nh5
30.f4 exf4 31.Qxd4 Qc7 32.Rd2 Bc5 33.Qd7 Be3 34.Bxf7+ Kf8 35.bxa4 Qc3 36.Bb3  1-0

[Event "White Nights"]
[Site "St Petersburg RUS"]
[Date "2001.06.15"]
[Round "7"]
[White "Yagupov,I"]
[Black "Yandarbiev,R"]
[Result "1-0"]
[WhiteElo "2448"]
[BlackElo "2360"]

1.e4 c5 2.Nf3 d6 3.d4 cxd4 4.Nxd4 Nf6 5.Nc3 a6 6.Be3 e5 7.Nb3 Be6 8.f3 Nbd7
9.g4 Nb6 10.g5 Nfd7 11.Qd2 Be7 12.O-O-O O-O 13.h4 Rc8 14.Kb1 f5 15.Na5 Qc7
16.Bh3 Nc4 17.Nxc4 Qxc4 18.Nd5 Bxd5 19.Qxd5+ Qxd5 20.Rxd5 g6 21.exf5 gxf5
22.f4 Rc4 23.Rf1 exf4 24.Rxf4 Rxf4 25.Bxf4 Ne5 26.Bxe5 dxe5 27.Rxe5 Bd6 28.Rxf5 Rxf5
29.Bxf5 Be7 30.Bc8 b6 31.Bxa6 Kg7 32.Be2 Kg6 33.a4 h6 34.gxh6 Bxh4 35.Ka2 Kxh6
36.Kb3 Kg6 37.Kc4 Kf6 38.Kb5 Bf2 39.b4 Ke7 40.Kc6 Kd8 41.Bg4  1-0

[Event "5th Open"]
[Site "Voronezh RUS"]
[Date "2001.06.16"]
[Round "5"]
[White "Moskalenko,A"]
[Black "Moiseev,V"]
[Result "1-0"]
[WhiteElo "2271"]
[BlackElo "2416"]

1.e4 c5 2.Nc3 d6 3.Nf3 Nf6 4.d4 cxd4 5.Nxd4 a6 6.Be3 Ng4 7.Bg5 h6 8.Bh4 g5
9.Bg3 Bg7 10.Bc4 Nc6 11.Nxc6 bxc6 12.h4 Qa5 13.Qf3 O-O 14.hxg5 hxg5 15.a3 Rb8
16.Bb3 Be6 17.Kf1 Bxb3 18.cxb3 Nf6 19.Re1 e5 20.b4 Qd8 21.Qf5 a5 22.Rd1 Re8
23.Qxg5 axb4 24.axb4 Rxb4 25.Bxe5 Re6 26.Kg1 Qe7 27.Bd4 c5 28.Nd5 cxd4 29.Nxe7+ Rxe7
30.Rh6 Re5 31.Qd2 Reb5 32.Rh4 Nd7 33.Rg4 Ne5 34.Rg3 Rxb2 35.Qxd4  1-0

[Event "White Nights"]
[Site "St Petersburg RUS"]
[Date "2001.06.17"]
[Round "9"]
[White "Fedorov,G"]
[Black "Rogovoi,M"]
[Result "1-0"]
[WhiteElo "2133"]
[BlackElo "2240"]

1.e4 c5 2.Nf3 d6 3.d4 cxd4 4.Nxd4 Nf6 5.Nc3 a6 6.Be3 e6 7.Be2 Be7 8.O-O O-O
9.f4 Qc7 10.Qe1 Nc6 11.Qg3 Kh8 12.Rad1 Bd7 13.a3 Rad8 14.f5 b5 15.Qh3 Nxd4
16.Bxd4 e5 17.Be3 Bc6 18.Bf3 Qb7 19.g4 Nxe4 20.Nxe4 Bxe4 21.g5 Bxf3 22.Rxf3 Qe4
23.Rg3 Rfe8 24.Rf1 g6 25.Rg4 Qb7 26.f6 Bf8 27.Rh4 h5 28.Rxh5+ gxh5 29.Qxh5+ Kg8
30.g6 fxg6 31.Qxg6+ Kh8 32.f7  1-0

[Event "White Nights"]
[Site "St Petersburg RUS"]
[Date "2001.06.17"]
[Round "9"]
[White "Timofeev,Ar"]
[Black "Pisakov,I"]
[Result "1-0"]
[WhiteElo "2522"]
[BlackElo "2280"]

1.e4 c5 2.Nf3 d6 3.d4 cxd4 4.Nxd4 Nf6 5.Nc3 a6 6.Be3 e5 7.Nf3 h6 8.Bc4 Qc7
9.Qe2 b5 10.Nd5 Nxd5 11.Bxd5 Bb7 12.a4 Bxd5 13.exd5 b4 14.Nd2 Nd7 15.Nc4 Be7
16.a5 O-O 17.O-O Qb7 18.Rfd1 Qb5 19.b3 f5 20.Ra4 Nf6 21.Qd2 f4 22.Bb6 e4
23.Rxb4 Qe8 24.f3 e3 25.Qd3 Qh5 26.Na3 Rae8 27.Rxf4 Nxd5 28.Qxd5+ Qxd5 29.Rxf8+ Bxf8
30.Rxd5 e2 31.Bf2 Re5 32.Rd4 d5 33.b4 e1=Q+ 34.Bxe1 Rxe1+ 35.Kf2 Ra1 36.Nc4 dxc4
37.Rxc4 Kf7 38.c3 Ra2+ 39.Ke3 Rxg2 40.Rc6 Rg6 41.Rxg6 Kxg6 42.Ke4 Bd6 43.h3 Bg3
44.c4 Kg5 45.b5 axb5 46.cxb5 Kh4 47.b6 Bf2 48.Kd5 Kxh3 49.Kc6 Kg2 50.a6 h5
51.a7 h4 52.a8=Q h3 53.f4 h2 54.Kd7+ Kg3 55.Kc7 Be3 56.f5 Bf4+ 57.Kc8 Be3
58.b7 Ba7 59.b8=Q+ Bxb8 60.Kxb8  1-0

[Event "Hotel Lippa IM"]
[Site "Szentgotthard HUN"]
[Date "2001.06.18"]
[Round "6"]
[White "Zufic,M"]
[Black "Ruck,T"]
[Result "1-0"]
[WhiteElo "2274"]
[BlackElo "2303"]

1.e4 c5 2.Nf3 d6 3.d4 cxd4 4.Nxd4 Nf6 5.Nc3 a6 6.Be3 e5 7.Nb3 Be6 8.f3 Nbd7
9.Qd2 Be7 10.g4 h6 11.O-O-O b5 12.Kb1 Nb6 13.Qf2 Nfd7 14.Bd3 Qc7 15.h4 b4
16.Ne2 d5 17.g5 d4 18.Bc1 a5 19.f4 a4 20.Na1 b3 21.a3 bxc2+ 22.Nxc2 f6 23.fxe5 fxe5
24.Ng3 O-O-O 25.Nf5 Bf8 26.Ncxd4 Bxf5 27.Nb5 Bg4 28.Nxc7 Bxd1 29.Ne6 Bb3
30.Nxd8 Kxd8 31.Be3 Nc4 32.Bxc4 Bxc4 33.Rd1 hxg5 34.Qf5 Bb5 35.Qxe5 Bc6 36.Bxg5+ Kc8
37.Qe8+  1-0

[Event "TCh-Europe Boys U18"]
[Site "Balatonlelle HUN"]
[Date "2001.06.23"]
[Round "2"]
[White "Firman,N"]
[Black "Markos,J"]
[Result "1-0"]
[WhiteElo "2517"]
[BlackElo "2437"]

1.e4 c5 2.Nf3 d6 3.d4 cxd4 4.Nxd4 Nf6 5.Nc3 a6 6.Be3 e6 7.f3 b5 8.Qd2 Nbd7
9.g4 Nb6 10.a4 Nc4 11.Bxc4 bxc4 12.a5 Bb7 13.O-O Be7 14.Na4 Nd7 15.Qb4 Qc8
16.Nb6 Nxb6 17.axb6 d5 18.Qa4+ Qd7 19.exd5 Bxd5 20.b3 Bc5 21.bxc4 Bxd4 22.Qxd7+ Kxd7
23.Bxd4 Bxc4 24.Bxg7 Rhg8 25.Rfd1+ Kc6 26.Be5 Rad8 27.Rd4 Rxd4 28.Bxd4 e5
29.Bxe5 Kxb6 30.Bd4+ Kc7 31.Ra5 Rc8 32.Rh5 Be6 33.Kf2 Kd7 34.c3 Ra8 35.Ra5 Bc4
36.Rc5 Be6 37.Ra5 Bc4 38.Ra4 Rc8 39.h4 Bb5 40.Ra1 Ra8 41.Bb6 Re8 42.Kg3 Kc6
43.Bd4 Kd6 44.Kf4 Re6 45.h5 Be2 46.Rb1 Bb5 47.Kg5 Kd5 48.f4 Ke4 49.f5 h6+
50.Kh4 Rc6 51.Re1+ Kf4 52.Re7 Bc4 53.Be5+ Ke4 54.Kg3 Kd3 55.Kh4 Ke4 56.Bd4+ Kf4
57.Be3+ Kf3 58.g5 Bd3 59.gxh6 Bxf5 60.Rxf7 Ke4 61.Rxf5 Kxe3 62.h7 Rc8 63.Kg5  1-0

[Event "TCh-Europe Girls U18"]
[Site "Balatonlelle HUN"]
[Date "2001.06.23"]
[Round "2"]
[White "Gara,A"]
[Black "Motoc,A"]
[Result "1/2-1/2"]
[WhiteElo "2344"]
[BlackElo "2191"]

1.e4 c5 2.Nf3 d6 3.d4 cxd4 4.Nxd4 Nf6 5.Nc3 a6 6.Be3 e5 7.Nb3 Be6 8.f3 Nbd7
9.g4 h6 10.Qd2 Be7 11.O-O-O b5 12.h4 Nb6 13.Qf2 Nfd7 14.Kb1 Nc4 15.Bc1 Qc7
16.Nd5 Bxd5 17.exd5 O-O 18.Bd3 a5 19.Qe2 a4 20.Nd2 Rfc8 21.g5 h5 22.g6 fxg6
23.Bxg6 a3 24.b3 Qb6 25.Bf5 Rc7 26.Nxc4 bxc4 27.Be6+ Kh8 28.f4 Nf6 29.fxe5 cxb3
30.cxb3 Ng4 31.Rhg1 Rc3 32.Bxg4 hxg4 33.Rxg4 dxe5 34.Rc4 Rxc4 35.Qxc4 Qc5
36.Qxc5 Bxc5 37.d6 Rd8 38.d7 Bd4 39.Bxa3 Rxd7 40.Bb2 Kh7 41.Bxd4 exd4 42.Kc2 Kg6
43.Kd3 Kf5 44.Rg1 Ra7 45.Rg2 Ke5 46.a4 Rb7 47.Rg5+ Kd6 48.Kc4 Ke6 49.a5 d3
50.a6 Rd7 51.Rg1 Ke5 52.Kc3 d2 53.Kc2 Ke4 54.b4 Ke3 55.b5 Rc7+ 56.Kb2 Rc5
57.b6 Rb5+ 58.Kc2 Rxb6 59.Rg3+ Ke2 60.Rg2+ Ke1 61.Rg1+ Ke2  1/2-1/2

[Event "Polish Supercup"]
[Site "Warsaw POL"]
[Date "2001.06.23"]
[Round "1"]
[White "Jakubowski,K"]
[Black "Dworakowska,J"]
[Result "1/2-1/2"]
[WhiteElo "2357"]
[BlackElo "2360"]

1.e4 c5 2.Nf3 d6 3.d4 cxd4 4.Nxd4 Nf6 5.Nc3 a6 6.Be3 e6 7.Be2 Be7 8.f4 O-O
9.O-O Qc7 10.g4 Re8 11.g5 Nfd7 12.f5 Ne5 13.Bd3 Nbc6 14.Qh5 g6 15.Qh4 Bf8
16.Kh1 b5 17.fxe6 fxe6 18.Nce2 Bg7 19.Nxc6 Nxc6 20.Rf3 Bxb2 21.Raf1 Ne5 22.R3f2 Bb7
23.Nd4 d5 24.Rf6 Qd7 25.Qf4 dxe4 26.Bxb5 axb5 27.Qxe5 Qd5 28.Qxd5 Bxd5 29.Nxb5 Rxa2
30.Nd6 Rea8 31.c4 Ra1 32.Rxa1 Rxa1+ 33.Kg2 Bc6 34.Rxe6 Ra3 35.Kf2 Rc3 36.c5 Rc2+
37.Kg3 Ba3 38.Ne8 Bxe8 39.Rxe8+ Kf7 40.Rc8 Ke6 41.Rc7 Kd5 42.Rxh7 Bxc5 43.Bxc5 Rxc5
44.Rg7 Rc6 45.Kf4 Rc2 46.Rd7+ Ke6 47.Rh7 Kd5 48.Rd7+ Ke6 49.Rh7 Kd5  1/2-1/2

[Event "12th Open"]
[Site "Ljubljana SLO"]
[Date "2001.06.27"]
[Round "5"]
[White "Gombac,Jan"]
[Black "Sax,G"]
[Result "0-1"]
[WhiteElo "2230"]
[BlackElo "2563"]

1.e4 c5 2.Nf3 d6 3.d4 cxd4 4.Nxd4 Nf6 5.Nc3 a6 6.Be3 e6 7.g4 h6 8.f3 b5 9.h4 Bb7
10.Qd2 Nbd7 11.Rg1 Nb6 12.g5 Nfd7 13.g6 Qxh4+ 14.Bf2 Qf6 15.gxf7+ Kxf7 16.Bh3 Re8
17.O-O-O b4 18.Nce2 d5 19.exd5 Nxd5 20.Ng3 Qf4 21.Bxe6+ Rxe6 22.Qxf4+ Nxf4
23.Nxe6 Kxe6 24.Rge1+ Ne5 25.Rd8 Bc5 26.Rxh8 Bxf2 27.Re8+ Kf6 28.Ne4+ Bxe4
29.Rxe4 Neg6 30.Ra8 h5 31.Rxa6+ Kg5 32.Ra5+ Kh6 33.Rxh5+ Kxh5 34.Rxb4 Nh4
35.Rb3 Ne2+ 36.Kd2 Nd4 37.Rd3 Nhxf3+ 38.Kd1 Ne5 39.Rd2 Be3 40.Rh2+ Kg5 41.c3 Nf5
42.b4 Kf4 43.a4 g5 44.a5 g4 45.b5 g3 46.Rb2 Nc4  0-1

[Event "TCh-Europe Boys U18"]
[Site "Balatonlelle HUN"]
[Date "2001.06.28"]
[Round "6"]
[White "Jegorovas,A"]
[Black "Kinsic,O"]
[Result "1/2-1/2"]
[WhiteElo "2182"]
[BlackElo "2146"]

1.e4 c5 2.Nf3 d6 3.d4 cxd4 4.Nxd4 Nf6 5.Nc3 a6 6.Be3 Ng4 7.Bg5 h6 8.Bh4 g5
9.Bg3 Bg7 10.h3 Ne5 11.Nf5 Bxf5 12.exf5 Nbd7 13.Be2 Rc8 14.O-O Qa5 15.Nd5 Nb6
16.f6 Qxd5 17.fxg7 Rg8 18.Qxd5 Nxd5 19.Bxe5 dxe5 20.Bf3 e6 21.Rac1 Rc7 22.c4 Nf6
23.Rfe1 Nd7 24.c5 Ke7 25.c6 bxc6 26.Rxc6 Rxc6 27.Bxc6 Rxg7 28.Bxd7 Kxd7 29.Rxe5 Kc6
30.Re3 Rg8 31.Rc3+ Kb6 32.Kf1 Rd8 33.Ke2 h5 34.Rd3 Rc8 35.Kd2 Rc7 36.Rd8 h4
37.Rd3 Re7 38.Rd6+ Kb7 39.Rd8 Rc7 40.Rd6 Re7 41.b4 Rc7 42.Kd3 Re7 43.a4 f5
44.a5 g4 45.Ke3 gxh3 46.gxh3 Rc7 47.Rxe6 Rc3+ 48.Kf4 Rxh3 49.Kxf5 Rf3+ 50.Kg4 Rxf2
51.Rb6+ Ka7 52.Kxh4 Rg2 53.Kh5 Rg1 54.Kh6 Rg2 55.Rf6 Kb7 56.Rf7+ Kb8 57.Kh7 Rg1  1/2-1/2

[Event "Open"]
[Site "Batumi GEO"]
[Date "2001.06.28"]
[Round "3"]
[White "Aroshidze,L"]
[Black "Gadjily,R"]
[Result "1/2-1/2"]
[WhiteElo "2315"]
[BlackElo "2425"]

1.e4 c5 2.Nf3 d6 3.d4 cxd4 4.Nxd4 Nf6 5.Nc3 a6 6.Be3 e6 7.f3 b5 8.g4 Bb7
9.Qd2 Nfd7 10.O-O-O Nb6 11.Bg5 Qc8 12.Bd3 N8d7 13.Kb1 Ne5 14.Qg2 Nec4 15.Nce2 d5
16.Rhe1 dxe4 17.Bxe4 Bxe4 18.fxe4 Bd6 19.e5 Bxe5 20.Nc6 Qb7 21.Ned4 h6 22.Bh4 Rc8
23.Qe2 Bxd4 24.Nxd4 O-O 25.g5 h5 26.Qxh5 g6 27.Qh6 Na4 28.Nxe6 fxe6 29.Rxe6 Qh7
30.Rxg6+ Kh8 31.Qxh7+ Kxh7 32.Rh6+ Kg7 33.Rd7+ Rf7 34.Rxf7+ Kxf7 35.Rxa6 Ncxb2
36.g6+ Kg8 37.Bf6 Nc4 38.c3 Nd2+ 39.Kc2 Ne4 40.Bd4 Nexc3 41.Kb3 Nd5 42.Rd6 Nc5+
43.Bxc5 Rxc5 44.a4 bxa4+ 45.Kxa4 Nf4 46.Kb4 Rh5 47.Rd2 Kg7 48.Kc3 Kxg6 49.Kd4 Kf5
50.Ra2 Ne6+ 51.Kd5 Rh6 52.Rf2+ Nf4+ 53.Kd4 Rd6+ 54.Kc5 Rd1 55.Kc4 Ke4 56.Rc2 Rd4+
57.Kb3 Rd3+ 58.Rc3 Rd8 59.Rc4+ Ke5 60.Rc5+ Nd5 61.Kc4 Ke4 62.Rc6 Nf4 63.Kb5 Nd3
64.Rc7 Kd5 65.Rb7 Nc5 66.Rb6 Rh8 67.Rg6 Nd7 68.Kb4 Ne5 69.Rg2 Kd4 70.Rd2+ Nd3+
71.Kb5 Ke4 72.Rg2 Nf4 73.Ra2 Ne6 74.Kc6 Nd4+ 75.Kc5 Rc8+ 76.Kb4 Nc2+ 77.Kb5 Kd5
78.Kb6 Kd6 79.Ra7 Nd4 80.Rh7 Rb8+ 81.Rb7 Rh8 82.Rg7 Ne6 83.Rf7 Rh4 84.Rf5 Rxh2
85.Rb5 Rh8 86.Ka5 Nc7 87.Rg5 Nd5 88.Kb5 Rb8+ 89.Kc4 Rb4+ 90.Kd3 Kc5 91.Rg7 Rb3+
92.Ke4 Re3+ 93.Kf5 Ne7+ 94.Kf4 Kd4 95.Rg4 Re1 96.Kf3+ Kd3 97.Kf4 Nc6 98.Rg3+ Kd4
99.Kf5 Re5+ 100.Kf6 Re4 101.Rg5 Ne5 102.Kf5 Kd5 103.Rg1 Nc6 104.Rg4 Re1 105.Rf4 Nd4+
106.Kf6 Re6+ 107.Kg5 Re8 108.Rf6 Re1 109.Ra6 Ke5 110.Ra5+ Ke4 111.Ra8 Rg1+
112.Kf6 Rf1+ 113.Ke7 Nf5+ 114.Ke6 Rc1 115.Ra4+ Nd4+ 116.Kd7 Rc5 117.Ra6 Kd5
118.Rh6 Nf5 119.Rh1 Rc2 120.Ra1  1/2-1/2

[Event "ch-CRC"]
[Site "San Jose CRC"]
[Date "2001.06.28"]
[Round "3"]
[White "Trejos,E"]
[Black "Leandro,J"]
[Result "1/2-1/2"]
[WhiteElo "2200"]
[BlackElo "2113"]

1.e4 c5 2.Nf3 d6 3.d4 cxd4 4.Nxd4 Nf6 5.Nc3 a6 6.Be3 Ng4 7.Bg5 h6 8.Bh4 g5
9.Bg3 Bg7 10.Be2 h5 11.Bxg4 Bxg4 12.f3 Bd7 13.Bf2 Nc6 14.Qd2 Qa5 15.O-O-O Rc8
16.Kb1 Be6 17.Nxc6 bxc6 18.Bd4 f6 19.Be3 g4 20.Rhe1 c5 21.Bf2 Bh6 22.Be3  1/2-1/2

[Event "6th Leg Russian Cup"]
[Site "Tomsk RUS"]
[Date "2001.07.02"]
[Round "3"]
[White "Gajsin,E"]
[Black "Margolin,E"]
[Result "1-0"]
[WhiteElo "2366"]
[BlackElo "2210"]

1.e4 c5 2.Nf3 d6 3.d4 cxd4 4.Nxd4 Nf6 5.Nc3 a6 6.Be3 e5 7.Nb3 Be6 8.f3 Nc6
9.Qd2 Rc8 10.O-O-O Nb4 11.a3 Bxb3 12.cxb3 Na2+ 13.Kb1 Nxc3+ 14.bxc3 Be7 15.Kb2 O-O
16.g4 Qc7 17.g5 Nh5 18.Bh3 Rcd8 19.Bg4 Nf4 20.Bxf4 exf4 21.Qxf4 b5 22.Rd5 Rb8
23.Qd2 a5 24.Rc1 Qa7 25.Qd4 Qa6 26.f4 Rb6 27.h4 Rc6 28.Be2 Rb8 29.a4 Rc5
30.axb5 Qb6 31.Rxc5 dxc5 32.Qd7 Rb7 33.Qe8+ Bf8 34.Qc6 Qa7 35.Rd1 Rc7 36.b6  1-0

[Event "FSIMA July"]
[Site "Budapest HUN"]
[Date "2001.07.03"]
[Round "2"]
[White "Grafl,F"]
[Black "Desmarais,C"]
[Result "1-0"]
[WhiteElo "2317"]
[BlackElo "2180"]

1.e4 c5 2.Nf3 d6 3.d4 cxd4 4.Nxd4 Nf6 5.Nc3 a6 6.Be3 e5 7.Nb3 Be6 8.f3 Be7
9.Qd2 O-O 10.O-O-O b5 11.g4 b4 12.Nd5 Bxd5 13.exd5 a5 14.Kb1 a4 15.Nc1 Ra5
16.Bc4 Na6 17.g5 Nd7 18.Nd3 Nb6 19.Bxb6 Qxb6 20.f4 exf4 21.Qxf4 Nc7 22.Rde1 Bd8
23.Rhf1 a3 24.h4 axb2 25.Bb3 Rb5 26.Re4 f6 27.Nxb4 Re8 28.Rxe8+ Nxe8 29.Qe4 Nc7
30.Nc6 Qa6 31.Bc4 Qa4 32.Nxd8 Rb4 33.Qe7 Nb5  1-0

[Event "1st Asean Open"]
[Site "Bandar Seri Begawan BRU"]
[Date "2001.07.04"]
[Round "9"]
[White "Aung Thant Zin"]
[Black "Antonio,R"]
[Result "0-1"]
[WhiteElo "2420"]
[BlackElo "2535"]

1.e4 c5 2.Nf3 d6 3.d4 cxd4 4.Nxd4 Nf6 5.Nc3 a6 6.Be3 Ng4 7.Bg5 h6 8.Bh4 g5
9.Bg3 Bg7 10.Be2 Ne5 11.Qd2 Nbc6 12.Nb3 Na5 13.Nxa5 Qxa5 14.O-O Be6 15.Rfd1 Rc8
16.Nd5 Qxd2 17.Rxd2 Nc4 18.Bxc4 Rxc4 19.Re2 h5 20.h3 h4 21.Bh2 g4 22.hxg4 Bxg4
23.f3 Bxb2 24.Rb1 Bd4+ 25.Kh1 Bc8 26.Nb6 Bxb6 27.Rxb6 f6 28.Bg1 Rh5 29.Rd2 h3
30.g4 Ra5 31.Rb2 Ra3 32.Rd3 Rcc3 33.Kh2 Rxd3 34.cxd3 Rxd3 35.Kg3 Ra3 36.Bd4 b5
37.Rb3 Rxa2 38.Kxh3 Be6 39.Re3 Bc4 40.f4 Bf1+ 41.Kg3 Ra1 42.Bb6 Re1 43.g5 f5
44.g6 Bc4 45.Rf3 b4 46.Be3  0-1

[Event "1st Asean Open"]
[Site "Bandar Seri Begawan BRU"]
[Date "2001.07.04"]
[Round "9"]
[White "Aung Thant Zin"]
[Black "Antonio,R"]
[Result "0-1"]
[WhiteElo "2420"]
[BlackElo "2535"]

1.e4 c5 2.Nf3 d6 3.d4 cxd4 4.Nxd4 Nf6 5.Nc3 a6 6.Be3 Ng4 7.Bg5 h6 8.Bh4 g5
9.Bg3 Bg7 10.Be2 Ne5 11.Qd2 Nbc6 12.Nb3 Na5 13.Nxa5 Qxa5 14.O-O Be6 15.Rfd1 Rc8
16.Nd5 Qxd2 17.Rxd2 Nc4 18.Bxc4 Rxc4 19.Re2 h5 20.h3 h4 21.Bh2 g4 22.hxg4 Bxg4
23.f3 Bxb2 24.Rb1 Bd4+ 25.Kh1 Bc8 26.Nb6 Bxb6 27.Rxb6 f6 28.Bg1 Rh5 29.Rd2 h3
30.g4 Ra5 31.Rb2 Ra3 32.Rd3 Rcc3 33.Kh2 Rxd3 34.cxd3 Rxd3 35.Kg3 Ra3 36.Bd4 b5
37.Rb3 Rxa2 38.Kxh3 Be6 39.Re3 Bc4 40.f4 Bf1+ 41.Kg3  0-1

[Event "6th Leg Russian Cup"]
[Site "Tomsk RUS"]
[Date "2001.07.05"]
[Round "6"]
[White "Shomoev,A"]
[Black "Shariyazdanov,A"]
[Result "1/2-1/2"]
[WhiteElo "2373"]
[BlackElo "2594"]

1.e4 c5 2.Nf3 d6 3.d4 cxd4 4.Nxd4 Nf6 5.Nc3 a6 6.Be3 e5 7.Nb3 Be7 8.f3 Be6
9.Qd2 h5 10.O-O-O Nbd7 11.Kb1 Rc8 12.h3 h4 13.Bd3 Qc7 14.Rhe1 b5 15.f4 Nb6
16.Bxb6 Qxb6 17.Nd5 Qd8 18.Qf2 Nd7 19.Qa7 O-O 20.Qxa6 Bxd5 21.exd5 exf4 22.Qa5 Ne5
23.Qxd8 Bxd8 24.Bxb5 Bf6 25.a4 Nc4 26.Re4 Ne3 27.Rd2 g5 28.a5 Bd8 29.Bc6 f5
30.Rb4 Bf6 31.Nd4 Bxd4 32.Rbxd4 Rf7 33.a6 Ra7 34.Bb7 Rc7 35.b4 Raxb7 36.axb7 Rxb7
37.Kb2 Kf7 38.Ka3 Kf6 39.c4 Ke5 40.c5 dxc5 41.bxc5 Nc2+ 42.Rxc2 Kxd4 43.c6 Ra7+
44.Kb4 Kxd5 45.c7 Rb7+ 46.Ka4 Rxc7 47.Rxc7 g4 48.Rh7 Ke4 49.Rxh4 f3 50.gxf3+ Kxf3
51.Rh5 f4 52.hxg4  1/2-1/2